[Event "Challenge"]
[Site "http://www.queenalice.com/game.php?id=65251"]
[Date "2006.4.24"]
[Round "-"]
[White "Lcannon610"]
[Black "littlepawn"]
[Result "1-0"]
[WhiteElo "1793"]
[BlackElo "1852"]

1. Nf3 d5 2. d4 Nf6 3. Bf4 c6 4. Bxb8 Rxb8 5. e3 Bg4 6. Be2 Qb6 7. b3 e6 8. h3
Bh5 9. g4 Bg6 10. Ne5 Be4 11. O-O h6 12. Nd2 Bh7 13. Bd3 Be7 14. Bxh7 Nxh7 15.
c4 Rd8 16. c5 Qc7 17. f4 O-O 18. Qc2 Rfe8 19. Nxf7 Kxf7 20. Qxh7 a5 21. Nf3 Rh8
22. Ne5+ Qxe5 23. fxe5+ Bf6 24. Rxf6+ 1-0

[Event "Challenge"]
[Site "http://www.queenalice.com/game.php?id=65252"]
[Date "2006.4.24"]
[Round "-"]
[White "littlepawn"]
[Black "Lcannon610"]
[Result "0-1"]
[WhiteElo "1843"]
[BlackElo "1870"]

1. d4 Nf6 2. c4 e6 3. Nc3 d5 4. c5 Nc6 5. Bg5 Be7 6. Nf3 h6 7. Bh4 g5 8. Bg3 Ne4
9. Nb5 Nxg3 10. hxg3 g4 11. Nh4 a6 12. Nc3 e5 13. e3 exd4 14. exd4 Bf6 15. Bd3
Nxd4 16. O-O O-O 17. Bb1 Bg7 18. Qd3 Re8 19. Qh7+ Kf8 20. Nf5 Bxf5 21. Bxf5 Qg5
22. Bd3 c6 23. Na4 b5 24. Nb6 Rad8 25. Rfe1 Rxe1+ 26. Rxe1 Qd2 27. Rb1 Ne6 28.
b4 Qxa2 29. Qf5 Qd2 30. Kf1 a5 31. Re1 Bc3 32. Rb1 Bxb4 33. Bxb5 cxb5 34. c6 Nd4
35. Nd7+ Rxd7 36. cxd7 Nxf5 37. d8=Q+ Kg7 38. Kg1 Bc5 0-1

[Event "Challenge"]
[Site "http://www.queenalice.com/game.php?id=68387"]
[Date "2006.5.11"]
[Round "-"]
[White "littlepawn"]
[Black "borisluis"]
[Result "1-0"]
[WhiteElo "1828"]
[BlackElo "1675"]

1. d4 d5 2. Nf3 Nf6 3. Bf4 Nc6 4. h3 Bf5 5. a3 h6 6. Nbd2 e6 7. e3 Bd6 8. Ne5
Bxe5 9. dxe5 Ne4 10. Bd3 O-O 11. O-O Nxd2 12. Qxd2 Bxd3 13. cxd3 a6 14. Rac1 f5
15. exf6 Rxf6 16. d4 Qd7 17. Rc2 Raf8 18. b4 g5 19. Bg3 Rc8 20. Rfc1 Rf7 21. a4
b5 22. Rxc6 bxa4 23. Qc2 Re7 24. Qxa4 Ra8 25. b5 1-0

[Event "Challenge"]
[Site "http://www.queenalice.com/game.php?id=75771"]
[Date "2006.6.11"]
[Round "-"]
[White "littlepawn"]
[Black "joey30"]
[Result "1-0"]
[WhiteElo "1845"]
[BlackElo "1931"]

1. d4 d5 2. Nf3 g6 3. Bg5 Bg7 4. Nbd2 Nf6 5. e3 O-O 6. Bd3 c6 7. O-O Bg4 8. h3
Be6 9. Rc1 Nbd7 10. c4 Rc8 11. c5 h6 12. Bh4 b6 13. b4 b5 14. a4 a6 15. Qc2 Nh5
16. axb5 axb5 17. Ra1 g5 18. Bg3 Nxg3 19. fxg3 Qc7 20. g4 Nf6 21. Bf5 Bd7 22.
Ne5 e6 23. Bd3 Ne4 24. Nxd7 Qxd7 25. Bxe4 dxe4 26. Nxe4 f5 27. Nd6 Rc7 28. gxf5
exf5 29. Rxf5 Rxf5 30. Qxf5 Qxf5 31. Nxf5 Bf8 32. g4 Kh7 33. Ra6 Kg8 34. Kg2 Kh7
35. Kf3 Kg8 36. e4 Kf7 37. d5 cxd5 38. exd5 Ke8 39. Ra8+ Kf7 40. d6 Bxd6 41.
Nxd6+ 1-0

[Event "Challenge"]
[Site "http://www.queenalice.com/game.php?id=75772"]
[Date "2006.6.11"]
[Round "-"]
[White "joey30"]
[Black "littlepawn"]
[Result "0-1"]
[WhiteElo "1747"]
[BlackElo "1868"]

1. e4 c6 2. d4 d5 3. e5 c5 4. c3 e6 5. Nf3 Qb6 6. Be2 Nc6 7. O-O cxd4 8. cxd4
Nge7 9. b3 Nf5 10. Bb2 h5 11. h3 h4 12. Nc3 Nfxd4 13. Na4 Nxe2+ 14. Qxe2 Qc7 15.
Rac1 Bd7 16. Nc3 a6 17. a3 Be7 18. b4 O-O 19. Nd1 Qb8 20. Ne3 Na7 21. Qd2 Qd8
22. Qd4 Bc6 23. Ng4 f5 24. exf6 Bxf6 25. Nxf6+ Qxf6 26. Nxh4 Qxd4 27. Bxd4 Rf4
28. Nf3 Nb5 29. Be5 Re4 30. Bb2 Re2 31. Rb1 Be8 32. Rfc1 Bg6 33. Re1 Bd3 34.
Rxe2 Bxe2 35. Ng5 d4 36. a4 Nc3 37. Bxc3 dxc3 38. Rc1 Rc8 39. Nxe6 c2 40. Nd4
Bd1 41. Nf5 Rc4 42. Ne3 Rxb4 43. Nxc2 Bxc2 44. Rxc2 Rxa4 45. Kf1 b5 46. Ke1 b4
47. Kd1 b3 48. Rb2 Rb4 49. Kd2 Kf7 50. Kc3 Rb6 51. Rxb3 Re6 52. Kb4 Rf6 53. f3
Ke6 54. Re3+ Kf5 55. Re4 Rg6 56. g4+ Kg5 57. f4+ Kh4 58. Re3 Rf6 59. f5 Kg5 60.
Re4 g6 61. fxg6 Rxg6 62. Re5+ Kf4 63. Rc5 Kg3 64. Rc3+ Kh4 65. Ka5 Kg5 66. Rb3
Kh4 67. Rb6 Rg5+ 68. Kxa6 Kxh3 0-1

[Event "Challenge"]
[Site "http://www.queenalice.com/game.php?id=75773"]
[Date "2006.6.11"]
[Round "-"]
[White "littlepawn"]
[Black "paulove"]
[Result "1-0"]
[WhiteElo "1838"]
[BlackElo "1671"]

1. d4 d5 2. Bf4 a6 3. Nf3 Nc6 4. Nbd2 Nf6 5. h3 e6 6. e3 Bd6 7. Ne5 Bxe5 8. dxe5
Nd7 9. Qg4 g6 10. Nf3 Nb4 11. O-O-O c5 12. Bh6 Rg8 13. a3 Nc6 14. Qf4 f6 15.
exf6 Qxf6 16. Qg3 Nde5 17. Nxe5 Qxe5 18. Bf4 Qf6 19. Bg5 Qe5 20. f4 Qg7 21. Qh4
Ne7 22. g4 b5 23. Bg2 Ra7 24. Rhe1 Bd7 25. e4 d4 26. f5 gxf5 27. Bxe7 Qxe7 28.
Qxe7+ Kxe7 29. exf5 h5 30. fxe6 Bc8 31. Bf3 hxg4 32. Bxg4 Ra8 33. Re5 Kd6 34.
Rde1 Re8 35. Bf3 Rb8 36. Rd5+ Ke7 37. Rxc5 Bxe6 38. Rc6 Kf8 39. Rcxe6 Rxe6 40.
Rxe6 a5 41. Kd2 b4 42. axb4 Rxb4 43. b3 a4 44. bxa4 Rxa4 45. Bg4 Kf7 46. Re4 Kf6
47. Kd3 Kg5 48. Rxd4 1-0

[Event "Challenge"]
[Site "http://www.queenalice.com/game.php?id=79123"]
[Date "2006.6.22"]
[Round "-"]
[White "SandroChaves"]
[Black "littlepawn"]
[Result "0-1"]
[WhiteElo "1527"]
[BlackElo "1842"]

1. e4 c5 2. Nf3 d6 3. Nc3 Nc6 4. Bc4 Nf6 5. O-O e6 6. b3 Be7 7. d3 a6 8. Re1 b5
9. e5 dxe5 10. Nxe5 Nxe5 11. Rxe5 bxc4 12. bxc4 Qd4 13. Qe1 Bd6 14. Re2 Bb7 15.
Be3 Qh4 16. g3 Qg4 17. Qf1 Qf3 18. Rb1 Qh1# 0-1

[Event "Challenge"]
[Site "http://www.queenalice.com/game.php?id=93535"]
[Date "2006.8.7"]
[Round "-"]
[White "Jorge"]
[Black "littlepawn"]
[Result "0-1"]
[WhiteElo "1373"]
[BlackElo "1864"]

1. e4 d5 2. e5 Bf5 3. g4 Bg6 4. d4 e6 5. g5 h5 6. c3 Nd7 7. Nh3 Be7 8. Nf4 Be4
9. f3 Bxb1 10. Rxb1 Bxg5 11. Ng2 Bh4+ 12. Ke2 Be7 13. h4 Nh6 14. Bg5 Bxg5 15.
hxg5 Qxg5 16. Nh4 O-O-O 17. Rh3 Nf8 18. Bg2 Ng6 19. Qh1 Nf4+ 20. Kf2 Nxh3+ 21.
Qxh3 Qd2+ 22. Kg1 Rhe8 23. a4 g5 24. f4 gxh4 25. a5 Nf5 26. Qf3 Rg8 27. Kf1 Rxg2
28. Rd1 Ne3+ 29. Qxe3 Qxe3 30. Kxg2 Qe2+ 31. Kh3 Qg4+ 32. Kh2 Qg3+ 33. Kh1 Rg8
34. Rd2 Qh3+ 35. Rh2 Qf1# 0-1

[Event "Challenge"]
[Site "http://www.queenalice.com/game.php?id=96826"]
[Date "2006.8.17"]
[Round "-"]
[White "SPFC"]
[Black "littlepawn"]
[Result "0-1"]
[WhiteElo "1320"]
[BlackElo "1866"]

1. d4 d5 2. c4 c6 3. Nc3 Nf6 4. Bg5 e6 5. a3 Nbd7 6. e3 Be7 7. Bxf6 Nxf6 8. h3
O-O 9. Nf3 a6 10. Be2 dxc4 11. Bxc4 b5 12. Bb3 Bb7 13. O-O c5 14. Ne5 c4 15. Bc2
Qb6 16. Ne4 Rad8 17. Nxf6+ Bxf6 18. Ng4 Be7 19. Re1 a5 20. Qb1 g6 21. Nh2 b4 22.
axb4 axb4 23. Be4 Bd5 24. Bxd5 Rxd5 25. Nf3 Rb5 26. Ne5 Rc8 27. Qd1 Qb7 28. e4
c3 29. bxc3 bxc3 30. Qf3 Bd6 31. Nxf7 Qxf7 32. Qxf7+ Kxf7 33. Re2 c2 34. Rc1 Rb1
35. Ree1 Rxc1 36. Rxc1 Ba3 0-1

[Event "Challenge"]
[Site "http://www.queenalice.com/game.php?id=100009"]
[Date "2006.8.27"]
[Round "-"]
[White "Theologe"]
[Black "littlepawn"]
[Result "1-0"]
[WhiteElo "1810"]
[BlackElo "1879"]

1. d4 d5 2. c4 c6 3. Nf3 Nf6 4. cxd5 Qxd5 5. Nc3 Qd8 6. e4 e6 7. Bc4 Nbd7 8. O-O
Nb6 9. Bd3 Be7 10. Qc2 h6 11. Bf4 Bd7 12. a4 a6 13. a5 Nc8 14. Qb3 b5 15. axb6
Qxb6 16. Qc2 c5 17. Na4 Bxa4 18. Qxa4+ Kf8 19. Rfc1 a5 20. Qb5 c4 21. Qxc4 Ne8
22. Ne5 Kg8 23. d5 Ncd6 24. Qc6 Qxc6 25. Nxc6 Bg5 26. Bxg5 hxg5 27. e5 1-0

[Event "Challenge"]
[Site "http://www.queenalice.com/game.php?id=119475"]
[Date "2006.10.21"]
[Round "-"]
[White "littlepawn"]
[Black "ENDHER"]
[Result "1-0"]
[WhiteElo "1879"]
[BlackElo "2199"]

1. d4 d5 2. Nf3 Nf6 3. c3 e6 4. Bg5 c5 5. e3 Nbd7 6. Nbd2 Bd6 7. Bd3 c4 8. Bb1
Qb6 9. b3 Qa5 10. Qc2 cxb3 11. Nxb3 Qc7 12. O-O Ne4 13. a4 Bb4 14. cxb4 Qd6 15.
Nc5 Nxg5 16. Nxg5 b6 17. Nxd7 Bxd7 18. Qb2 f6 19. Nf3 O-O 20. Qc2 g6 21. Qb2 b5
22. a5 Rac8 23. Ba2 Rc7 24. Rac1 Rfc8 25. Rc5 Bc6 26. Rfc1 a6 27. Ne1 Kg7 28.
Nd3 Bd7 29. Rxc7 Rxc7 30. Rxc7 Qxc7 31. Qc1 Qxc1+ 32. Nxc1 Kf7 33. Nd3 Ke7 34.
f4 Bc8 35. Kf2 Kf7 36. g4 Ke7 37. Kg3 Kd6 38. Kh4 Kd7 39. Kg3 Kd6 40. h4 f5 41.
h5 Ke7 42. hxg6 hxg6 43. Ne5 Kf6 44. Kh4 Bb7 45. Bb3 Bc8 46. Bd1 Bb7 47. Nd7+
Ke7 48. Nc5 Bc8 49. Kg5 Kf7 50. Nd3 Bb7 51. Ne5+ Kg7 52. Nxg6 1-0

[Event "Challenge"]
[Site "http://www.queenalice.com/game.php?id=149146"]
[Date "2007.1.2"]
[Round "-"]
[White "littlepawn"]
[Black "defconn4"]
[Result "0-1"]
[WhiteElo "1912"]
[BlackElo "1901"]

1. d4 d5 2. Nf3 Bf5 3. c3 e6 4. Bg5 Be7 5. Bxe7 Nxe7 6. Qb3 Nd7 7. Nbd2 b6 8. e3
O-O 9. Be2 c5 10. O-O Bg4 11. Rfe1 cxd4 12. exd4 Ng6 13. c4 Nf4 14. Bf1 dxc4 15.
Bxc4 Nf6 16. Ne4 Bxf3 17. Nxf6+ Qxf6 18. Qxf3 Qxd4 19. Re4 Qxb2 20. Rae1 Ng6 21.
h4 Rac8 22. Qg3 Rc5 23. Qf3 Rf5 24. Qe3 Qf6 25. g3 Rf3 26. Qe2 Rd8 27. Kg2 Rf5
28. h5 Nf8 29. Bb3 Qg5 30. f4 Qxh5 31. g4 Qg6 32. Bc2 Rfd5 33. Rc4 Qf6 34. g5
Qe7 35. Qe3 Rc5 36. Rxc5 Qxc5 37. Qc1 Qd5+ 0-1

[Event "Challenge"]
[Site "http://www.queenalice.com/game.php?id=149147"]
[Date "2007.1.2"]
[Round "-"]
[White "defconn4"]
[Black "littlepawn"]
[Result "1-0"]
[WhiteElo "1880"]
[BlackElo "1930"]

1. e4 c6 2. d4 d5 3. e5 c5 4. c3 Nc6 5. Nf3 cxd4 6. cxd4 Qb6 7. Nc3 e6 8. a3 Be7
9. Bd3 h5 10. O-O Nh6 11. Bxh6 Rxh6 12. b4 Bd7 13. Na4 Qd8 14. Nc5 Rb8 15. Nxd7
Qxd7 16. Qd2 Qd8 17. Bb5 Qb6 18. Bxc6+ Qxc6 19. Rfc1 Qd7 20. Ra2 Bd8 21. Rac2
Rh8 22. Ne1 g6 23. Nd3 Kf8 24. Nc5 Qe7 25. a4 Kg7 26. b5 Rc8 27. Nxe6+ Qxe6 28.
Rxc8 Bg5 29. Qxg5 Rxc8 30. Qf6+ Kh6 31. Rxc8 Qxc8 32. h4 Qe8 33. f4 Kh7 34. f5
Qh8 35. Qxf7+ 1-0

[Event "Challenge"]
[Site "http://www.queenalice.com/game.php?id=149149"]
[Date "2007.1.2"]
[Round "-"]
[White "m_2788"]
[Black "littlepawn"]
[Result "1-0"]
[WhiteElo "1915"]
[BlackElo "1896"]

1. d4 d5 2. c4 c6 3. cxd5 Qxd5 4. Nc3 Qd6 5. e4 Nf6 6. Be2 e5 7. Nf3 Nbd7 8. Bg5
Be7 9. O-O O-O 10. Qd2 exd4 11. Qxd4 Qxd4 12. Nxd4 Nb6 13. a4 a5 14. Rad1 h6 15.
Be3 Nbd7 16. Nf5 Bc5 17. Rd3 Bxe3 18. Rxe3 Ne5 19. f4 Ng6 20. Nd6 Rd8 21. e5 Ne8
22. Nce4 Ne7 23. Bc4 Be6 24. b3 Rab8 25. Rg3 Bxc4 26. bxc4 Kf8 27. Rb1 Nxd6 28.
Nxd6 Ng6 29. Rf3 Nh4 30. Rfb3 Rd7 31. Rxb7 Rbxb7 32. Rxb7 Rxb7 33. Nxb7 Ke7 34.
Nxa5 Kd7 35. Kf2 Ng6 36. Ke3 c5 37. Ke4 Ne7 38. g4 Kc7 39. Nb3 Kc6 40. h4 1-0

[Event "Challenge"]
[Site "http://www.queenalice.com/game.php?id=149150"]
[Date "2007.1.2"]
[Round "-"]
[White "littlepawn"]
[Black "m_2788"]
[Result "1-0"]
[WhiteElo "1881"]
[BlackElo "1928"]

1. d4 Nf6 2. c4 e6 3. Nc3 Bb4 4. Qc2 c5 5. a3 Bxc3+ 6. bxc3 b6 7. e4 d6 8. Bd3
Nbd7 9. Ne2 e5 10. Bb2 O-O 11. O-O Re8 12. Rae1 Nf8 13. f4 Bg4 14. f5 Bxe2 15.
Qxe2 h6 16. Bc1 N8h7 17. d5 Kf8 18. Rf3 Ke7 19. Bc2 Rg8 20. Rg3 a5 21. Ba4 Rb8
22. Kh1 Qf8 23. Qb2 h5 24. Qb5 Qe8 25. Qb3 Qf8 26. Bc6 Ne8 27. Qd1 Nhf6 28. Bg5
Kd8 29. Bxe8 Qxe8 30. Bxf6+ gxf6 31. Rxg8 Qxg8 32. Qxh5 Ke7 33. Rb1 Qg5 34. Qxg5
fxg5 35. h3 a4 36. g3 f6 37. Kg2 Kd7 38. Kf3 Kc7 39. Kg4 Rg8 40. Rb2 Kb7 41. Rh2
Ka6 42. Rb2 Rg7 43. Kh5 Rh7+ 44. Kg6 Rxh3 45. Kxf6 Rxg3 46. Ke7 Rxc3 47. f6 Rxa3
48. f7 Rf3 49. f8=Q Rxf8 50. Kxf8 Ka5 51. Rb1 a3 52. Ke7 Ka4 53. Rxb6 a2 54.
Kxd6 1-0

[Event "SPFC"]
[Site "http://www.queenalice.com/game.php?id=154628"]
[Date "2007.1.16"]
[Round "1"]
[White "Jorac"]
[Black "littlepawn"]
[Result "0-1"]
[WhiteElo "1832"]
[BlackElo "1888"]

1. e4 c6 2. Bc4 d5 3. exd5 cxd5 4. Bb3 Nf6 5. d4 Bg4 6. Nf3 e6 7. Bf4 Qa5+ 8. c3
Nc6 9. O-O Be7 10. Nbd2 O-O 11. Bc2 Rac8 12. h3 Bh5 13. Qe1 Qb5 14. g4 Bg6 15.
Bxg6 hxg6 16. Rb1 Na5 17. Ne5 Qe8 18. f3 Nc6 19. Qg3 Nxe5 20. Bxe5 Qa4 21. f4 b5
22. f5 g5 23. Bxf6 Bxf6 24. fxe6 fxe6 25. Qe1 Qa6 26. Nb3 Rfe8 27. Nc5 Qc6 28.
Qe2 e5 29. Qd3 exd4 30. cxd4 Bxd4+ 31. Qxd4 Qxc5 32. Qxc5 Rxc5 33. Rf5 Re3 34.
b4 Rc2 35. Rxd5 Ree2 36. Rxb5 Rg2+ 37. Kf1 Rcf2+ 38. Ke1 Rxa2 39. Rf5 Rh2 40. b5
Rxh3 41. Rf2 Rh1+ 42. Rf1 Rxf1+ 43. Kxf1 Ra4 44. Kf2 Rxg4 45. Kf3 Ra4 46. Rg1
g4+ 47. Kg3 Rb4 48. Ra1 Rxb5 49. Rxa7 Rg5 50. Ra4 Kh7 51. Rxg4 Rxg4+ 52. Kxg4
Kg6 53. Kh4 Kf5 54. Kg3 Kg5 55. Kg2 Kg4 56. Kg1 Kg3 57. Kh1 g5 58. Kg1 g4 0-1

[Event "Challenge"]
[Site "http://www.queenalice.com/game.php?id=159792"]
[Date "2007.1.27"]
[Round "-"]
[White "Sidinei"]
[Black "littlepawn"]
[Result "1-0"]
[WhiteElo "2027"]
[BlackElo "1899"]

1. e4 c5 2. Nf3 d6 3. d4 cxd4 4. Nxd4 Bd7 5. Bd3 Nc6 6. Nxc6 Bxc6 7. O-O g6 8.
Qf3 Bg7 9. Bc4 Nf6 10. Nc3 O-O 11. Bb3 Nd7 12. Bf4 b5 13. a3 a5 14. Bg5 h6 15.
Be3 Rb8 16. Rfd1 Ne5 17. Qe2 b4 18. axb4 axb4 19. Na4 Bb5 20. Qd2 Bxa4 21. Rxa4
Ng4 22. Ba7 Bxb2 23. Bxb8 Bc3 24. Qf4 1-0

[Event "SPFC"]
[Site "http://www.queenalice.com/game.php?id=198762"]
[Date "2007.4.18"]
[Round "2"]
[White "littlepawn"]
[Black "SPFC"]
[Result "1-0"]
[WhiteElo "1902"]
[BlackElo "1758"]

1. d4 d5 2. Nf3 Nc6 3. c4 e6 4. Nc3 Nf6 5. Bg5 h6 6. Bxf6 Qxf6 7. e3 Bb4 8. Qc2
O-O 9. a3 Bxc3+ 10. Qxc3 Re8 11. cxd5 exd5 12. Be2 Bd7 13. O-O Qg6 14. Rfc1 a6
15. b4 Bh3 16. Ne1 f5 17. Bf3 Rad8 18. Qc5 f4 19. Bxd5+ Kh8 20. Bxc6 bxc6 21.
Qxc6 Re6 22. Qf3 Bg4 23. Qxf4 Rf6 24. Qg3 Rdf8 25. Ra2 Be6 26. Qxg6 Rxg6 27. Rd2
Rf7 28. Rc6 Rgf6 29. Rxa6 Bd5 30. Rxf6 Rxf6 31. Rc2 c6 32. Rc5 Bf7 33. Nd3 Kg8
34. Ne5 Be8 35. a4 Bh5 36. Rxc6 Rxc6 37. Nxc6 Be8 38. d5 Kf7 39. b5 1-0

[Event "SPFC"]
[Site "http://www.queenalice.com/game.php?id=226858"]
[Date "2007.6.18"]
[Round "3"]
[White "littlepawn"]
[Black "SVFinito"]
[Result "0-1"]
[WhiteElo "1912"]
[BlackElo "2228"]

1. d4 Nf6 2. Nf3 g6 3. Bg5 Bg7 4. c3 O-O 5. Nbd2 d6 6. e4 c5 7. dxc5 dxc5 8. Be2
Nc6 9. O-O Qc7 10. Qc2 h6 11. Bh4 Nh5 12. Rfe1 Be6 13. Bc4 Bg4 14. h3 Bxf3 15.
Nxf3 g5 0-1

[Event "SPFC"]
[Site "http://www.queenalice.com/game.php?id=276499"]
[Date "2007.9.24"]
[Round "4"]
[White "littlepawn"]
[Black "NimbleKnight"]
[Result "1-0"]
[WhiteElo "1909"]
[BlackElo "1935"]

1. d4 d5 2. Nf3 Nc6 3. g3 Bg4 4. Bg2 Qd7 5. h3 Bh5 6. c3 h6 7. Nbd2 e6 8. O-O
Bd6 9. e3 O-O-O 10. b4 g5 11. a4 f5 12. Nb3 Nf6 13. b5 Ne7 14. Nc5 Bxc5 15. dxc5
c6 16. Ne5 Bxd1 17. Nxd7 Nxd7 18. Rxd1 Nxc5 19. Ba3 b6 20. bxc6 Nxc6 21. c4 Ne7
22. cxd5 Nxd5 23. Rac1 Rd7 24. Bxc5 bxc5 25. Rxc5+ Nc7 26. Rb1 Rhd8 27. Bb7+ Kb8
28. Bd5+ Kc8 29. Bxe6 f4 30. Rd1 fxg3 31. fxg3 a6 32. g4 a5 33. Rc2 h5 34. Bf5
hxg4 35. Bxg4 Kb7 36. Rxd7 1-0